000 00516nam a2200193 a 4500
001 1767946523864
003 YourLibrary
005 20260110115633.0
008 260109s2000##################000#0#eng##
020 _a9783110167528
082 0 4 _a302.2
_bSEB
100 1 _aSebeok, Thomas Albert,
_eauthor.
245 1 0 _aThe Forms of Meaning :
260 _bWalter de Gruyter,
_c2000.
300 _a264 pages
650 0 _aLanguage Arts & Disciplines.
942 _cENGLISH
040 _aYourLibrary
_beng
_cYourLibrary
999 _c608061
_d608061